Motivačné stimuly zamestnancov

Guardado en:
Detalles Bibliográficos
Autor principal: Csongrádyová, Gabriela, 1988- (Autor)
Otros Autores: Sawicki, Silvester (Orientador)
Formato: Manuscrito Libro
Lenguaje:eslovaco
Publicado: Trnava : STU v Bratislave MTF UIPH, 2010
Materias:
Acceso en línea:VAIS
Etiquetas: Agregar Etiqueta
Sin Etiquetas, Sea el primero en etiquetar este registro!

MARC

LEADER 00000ntm a22000003a 4500
001 stu217605
005 20160719160400.4
008 101127s2010----xo------------------slo-d
040 |a STU  |b slo 
041 0 |a slo 
044 |a xo 
100 1 |a Csongrádyová, Gabriela,  |d 1988-  |4 aut  |X 48722  |7 A000048722 
242 0 0 |a The motivation incentives of employees  |y eng 
245 1 |a Motivačné stimuly zamestnancov 
260 |a Trnava :  |b STU v Bratislave MTF UIPH,  |c 2010 
650 7 |a personálna práca v priemyselnom podniku  |2 stusub 
650 7 |a Personnel Work in a Business Enterprise  |2 estusub 
650 7 |a motivation  |2 estusub 
700 1 |a Sawicki, Silvester  |4 ths  |u M310  |U MTF Ústav inžinierskej pedagogiky a humatitných vied  |T MTF Katedra humanitných vied  |U M310  |Y M310 
856 4 |a info a plný text  |u http://is.stuba.sk/zp/portal_zp.pl?podrobnosti=47353  |3 VAIS 
996 |c M*BP-4866  |l MMSKP  |s P  |a 0  |w stu217605_0001